[Event "Alexander Memorial"]
[Site "Middlesbrough ENG"]
[Date "1975.09.08"]
[Round "7"]
[White "Bronstein, David"]
[Black "Miles, Anthony John"]
[Result "0-1"]
[WhiteElo "2590"]
[BlackElo "2435"]
[EventDate "1975.09.01"]
[PlyCount "144"]

1.d4 e6 2.e4 b6 3.c4 Bb7 4.Bd3 Bb4+ 5.Nc3 Bxc3+ 6.bxc3 d6 7.Ne2 Nd7 8.O-O 
Ne7 9.Ng3 O-O 10.Qg4 Nf6 11.Qe2 e5 12.f4 Nd7 13.Nh5 Kh8 14.Qg4 g6 15.Ng3 
Ng8 16.Be3 c5 17.Rad1 Qe7 18.Rfe1 Rad8 19.Bc2 Bc6 20.Bf2 Rfe8 21.Nf1 Ndf6 
22.Qh4 Rc8 23.Nd2 Nd7 24.Qg3 Ngf6 25.Qf3 Nh5 26.d5 Bb7 27.f5 Rg8 28.Nf1 
Nf4 29.Ne3 Nf6 30.Rd2 Rg7 31.Kh1 Rcg8 32.Rf1 g5 33.Qd1 h5 34.Be1 Rh7 35.
Kg1 Qf8 36.Kh1 Qh6 37.h3 Ba6 38.Kh2 h4 39.Qf3 g4 40.Nxg4 Nxg4+ 41.hxg4 
Bxc4 42.Rh1 h3 43.Kg1 h2+ 44.Kf2 Qh4+ 45.g3 Nh3+ 46.Kg2 Qf6 47.Bf2 Ng5 48.
Qd1 Qh6 49.Be3 Qh3+ 50.Kf2 f6 51.Bxg5 Rxg5 52.Qf3 Rxg4 53.Bd3 Bxd3 54.Rxd3
c4 55.Re3 Rhg7 56.a4 Kg8 57.Qg2 Rf4+ 58.Rf3 Qxg2+ 59.Kxg2 Rxe4 60.Rxh2 Rh7
61.Rxh7 Kxh7 62.Rf1 Re2+ 63.Kh3 Rd2 64.g4 Kg7 65.Kh4 Rxd5 66.g5 e4 67.g6 
e3 68.Kg4 e2 69.Re1 Re5 70.Kf4 a6 71.Kg4 b5 72.axb5 axb5 0-1

[Event "Alexander Memorial"]
[Site "Middlesbrough ENG"]
[Date "1975.09.08"]
[Round "7"]
[White "Hort, Vlastimil"]
[Black "Lombardy, William James"]
[Result "1/2-1/2"]
[WhiteElo "2600"]
[BlackElo "2515"]
[EventDate "1975.09.01"]
[PlyCount "81"]

1.d4 Nf6 2.c4 e6 3.Nf3 b6 4.Bg5 Bb7 5.e3 h6 6.Bh4 g5 7.Bg3 Ne4 8.Nc3 Nxg3 
9.hxg3 Bg7 10.Qc2 d6 11.Bd3 Nc6 12.g4 Qd7 13.Be4 O-O-O 14.O-O-O Kb8 15.Kb1
Rhf8 16.a3 f5 17.gxf5 exf5 18.Bd5 Bc8 19.c5 Ne7 20.cxb6 cxb6 21.Bc4 Bb7 
22.Qb3 d5 23.Bb5 Qe6 24.Qa4 Nc8 25.Rc1 Nd6 26.Bc6 Rf7 27.Nb5 Nxb5 28.Qxb5 
g4 29.Nd2 f4 30.Bxb7 Rxb7 31.Rc6 Qd7 32.Rhc1 fxe3 33.fxe3 Rc7 34.a4 Rdc8 
35.Rxc7 Rxc7 36.Qxd7 Rxd7 37.Rc6 Bf8 38.Rf6 Bb4 39.Kc2 Rc7+ 40.Kd1 a5 41.
Rf5 1/2-1/2

[Event "Alexander Memorial"]
[Site "Middlesbrough ENG"]
[Date "1975.09.08"]
[Round "7"]
[White "Keene, Raymond Dennis"]
[Black "Olafsson, Fridrik"]
[Result "1/2-1/2"]
[WhiteElo "2505"]
[BlackElo "2535"]
[EventDate "1975.09.01"]
[PlyCount "40"]

1.Nf3 Nf6 2.g3 g6 3.b3 Bg7 4.Bb2 d6 5.d4 a5 6.Bg2 a4 7.O-O c6 8.c4 Qa5 9.
Bc3 Qh5 10.Nbd2 b5 11.e4 bxc4 12.bxc4 Bg4 13.Qb1 O-O 14.e5 Nfd7 15.exd6 
exd6 16.Re1 Na6 17.Qb7 Rfc8 18.h3 Bxh3 19.Bxh3 Qxh3 20.Ne4 Nac5 1/2-1/2

[Event "Alexander Memorial"]
[Site "Middlesbrough ENG"]
[Date "1975.09.08"]
[Round "7"]
[White "Geller, Efim"]
[Black "Smyslov, Vassily"]
[Result "1/2-1/2"]
[WhiteElo "2600"]
[BlackElo "2605"]
[EventDate "1975.09.01"]
[PlyCount "44"]

1.Nf3 Nf6 2.c4 c6 3.d4 d5 4.cxd5 cxd5 5.Nc3 Nc6 6.Bf4 e6 7.e3 Bd6 8.Bg3 
Bxg3 9.hxg3 Qd6 10.Bd3 e5 11.dxe5 Nxe5 12.Nxe5 Qxe5 13.Qa4+ Bd7 14.Qf4 
Qxf4 15.gxf4 O-O-O 16.Ne2 h6 17.Nd4 Kb8 18.f3 Ng8 19.Kd2 Ne7 20.Rac1 Rc8 
21.Rxc8+ Rxc8 22.Rh5 Kc7 1/2-1/2

[Event "Alexander Memorial"]
[Site "Middlesbrough ENG"]
[Date "1975.09.08"]
[Round "7"]
[White "Stean, Michael Francis"]
[Black "Hartston, William Roland"]
[Result "1/2-1/2"]
[WhiteElo "2370"]
[BlackElo "2475"]
[EventDate "1975.09.01"]
[PlyCount "88"]

1.e4 c5 2.Nf3 e6 3.d4 cxd4 4.Nxd4 Nf6 5.Nc3 d6 6.Be2 Be7 7.O-O Nc6 8.f4 
O-O 9.Be3 Bd7 10.Nb3 Rc8 11.Bf3 Qc7 12.g4 Rfd8 13.g5 Ne8 14.Qe1 Qb8 15.Rd1
b5 16.Rd2 a5 17.Rg2 a4 18.Nc1 a3 19.bxa3 Na5 20.Nd3 Qc7 21.Nd1 Nc4 22.Bc1 
Qa7+ 23.Kh1 Nxa3 24.Ne3 Bf8 25.Qh4 Nc4 26.Ng4 g6 27.Rg3 Bc6 28.Nf6+ Nxf6 
29.gxf6 Qd4 30.Rh3 h6 31.Nf2 Nd2 32.Bxd2 Qxd2 33.Rg1 Qd4 34.Ng4 Bxe4 35.
Nxh6+ Bxh6 36.Qxh6 Bxf3+ 37.Rxf3 Qxf6 38.Rfg3 Re8 39.Rxg6+ fxg6 40.Rxg6+ 
Qxg6 41.Qxg6+ Kf8 42.Qf6+ Kg8 43.Qg6+ Kf8 44.Qf6+ Kg8 1/2-1/2

[Event "Alexander Memorial"]
[Site "Middlesbrough ENG"]
[Date "1975.09.08"]
[Round "7"]
[White "Kavalek, Lubomir"]
[Black "Huebner, Robert"]
[Result "1/2-1/2"]
[WhiteElo "2555"]
[BlackElo "2615"]
[EventDate "1975.09.01"]
[PlyCount "120"]

1.Nf3 Nf6 2.c4 e6 3.g3 d5 4.Bg2 Be7 5.O-O O-O 6.d4 dxc4 7.Qa4 a6 8.Qxc4 b5
9.Qc2 Bb7 10.Bf4 Nd5 11.Bd2 Nd7 12.Ba5 Qb8 13.Nc3 N5f6 14.a3 c5 15.dxc5 
Nxc5 16.b4 Nce4 17.Nxe4 Bxe4 18.Qd2 Qb7 19.Rac1 Rac8 20.h3 Bd5 21.Qe3 Nd7 
22.Rfd1 Bf6 23.Qf4 Rxc1 24.Rxc1 Rc8 25.Rxc8+ Qxc8 26.e4 Bb7 27.e5 Bxf3 28.
Qxf3 Nxe5 29.Qb7 Qxb7 30.Bxb7 Nc4 31.Bxa6 Nxa3 32.Bb6 Be7 33.Be3 Bxb4 34.
Bc1 Nc4 35.Bxb5 Nb6 36.g4 Nd5 37.Kg2 Kf8 38.h4 g6 39.Bd3 Bd6 40.Kf3 h5 41.
gxh5 gxh5 42.Be2 Kg7 43.Kg2 Bf4 44.Ba3 Bd2 45.Bd6 Kh6 46.Bc4 Ba5 47.Bb3 
Bd8 48.Kh3 f5 49.Ba4 Bc7 50.Bf8+ Kh7 51.Ba3 Nf4+ 52.Kg3 Ng6+ 53.Kh3 Bb6 
54.f3 Bf2 55.Be8 Nf4+ 56.Kh2 Bxh4 57.Bd6 Ng6 58.Bf7 e5 59.Bxg6+ Kxg6 60.
Bxe5 Kf7 1/2-1/2

[Event "Alexander Memorial"]
[Site "Middlesbrough ENG"]
[Date "1975.09.09"]
[Round "8"]
[White "Lombardy, William James"]
[Black "Keene, Raymond Dennis"]
[Result "0-1"]
[WhiteElo "2515"]
[BlackElo "2505"]
[EventDate "1975.09.01"]
[PlyCount "84"]

1.d4 {Notes by Raymond Keene.} 1...Nf6 2.c4 e6 3.Nf3 b6 4.e3 {The main 
line with 4 g3 is very drawish, though whenever I reached this position I 
tried to inject life into the game with Nimzowitsch's 4...Ba6!? as in 
Browne - Keene, Orense 1977: 4 g3 Ba6 5 Nbd2 Bb7 6 Bg2 c5 7 O-O Be7 8 e4! 
O-O (not 8...Nxe4? 9 Ne5!+-) 9 d5 exd5 10 cxd5 d6 11 Re1 Nbd7 with a 
difficult and unbalanced situation.} 4...Bb7 5.Bd3 d5 {Botvinnik's 
favourite, with which he defeated Filip at Varna 1962.} 6.O-O Bd6 7.b3 O-O
8.Bb2 Nbd7 9.Nc3 a6 {To prevent Nb5 after ...Qe7.} 10.Rc1 Ne4 {The 
Botvinnik plan; Black stakes out a good central square to emphasise the 
power of the fianchettoed queen's bishop. Meanwhile, the remainder of his 
army will mobilise in the general direction of White's king, but now 
Lombardy discovers an excellent counter-measure. In fact 10...Qe7! would 
have been superior.} 11.Ne2 {! Simple and strong. White will make sure of 
the e5 outpost.} 11...Qe7 12.Ne5 Bxe5 13.dxe5 Ndc5 14.cxd5 {! Another star
move. If 14 Bb1 (which, to be honest, I expected) then 14...dxc4 followed 
by ...Rad8!-/+.} 14...Nxd3 15.Qxd3 exd5 16.f3 Nc5 17.Qd4 {? One careless 
decision forfeits the entire advantage, although it does not become clear 
for some time that Black has survived the worst. White's idea is to 
transfer the queen to a point where it attacks g7 in unison with the Bb2, 
and the obvious square is g4. However, as played, Black gains one crucial 
tempo, so the most effective course would have been 17 Qc3! This also 
aligns the queen and bishop battery towards g7, while introducing pressure
in the c-file against c7, and one threat would be 18 Ba3. But the most 
important difference is that Black is deprived of the defensive tempo 
...Ne6.} 17...Ne6 18.Qg4 g6 {Apparently loosening, but resolute action is 
called for. Black has to fortify the light squares.} 19.Ng3 Ng7 20.e4 {
Trying to obtain e4 for his knight. Against the more forthright 20 f4 
there is a defence with 20...h5! followed by ...h5-h4, gaining control of 
f5.} 20...c5 21.exd5 Bxd5 22.f4 h5 {! The same resource as mentioned 
above, but the unexpected renascence of Black's queen's bishop lends it 
greater force.} 23.Qe2 h4 {Quite suddenly the picture has changed in 
Black's favour. After 24 Ne4 Bxe4 25 Qxe4 Nf5 or 24 Nh1 h3! 25 gxh3 Bxh1 
26 Kxh1 Nf5 Black has by far the more valuable minor piece, since the 
square f5 is inviolate. In view of this Lombardy seeks complications - the
time-honoured remedy when one's positional affairs have gone awry.} 24.f5 
{!?} 24...Qg5 {!} 25.f6 Ne6 26.Rcd1 {I was now seriously short of time, 
and Lombardy soon fell into a similar condition. I recall overhearing one 
spectator comment on how calm I looked, but he would have been 
disillusioned if he could have seen into my tortured mind over the next 
fifteen moves.} 26...hxg3 {Doubtless there is something better, but I 
wanted, above all, to simplify and reduce White's tactical chances. If I 
could stay afloat until move 40, I reasoned, then my knight, firmly 
established on e6, would probably outgun White's bishop, obstructed by its
own pawns.} 27.Rxd5 gxh2+ 28.Kh1 {If 28 Kxh2? Nf4 29 Qd2 Qh5+ -+.} 28...
Rad8 29.Rd6 b5 30.Bc1 {Not 30 Rxa6? Rd2.} 30...Qh4 31.Qe3 {Thinking, 
perhaps, of an eventual Qh6. White avoids 31 Rxa6 since he must have been 
expecting much from the rook at d6.} 31...Rxd6 {Black has to free his 
pieces somehow.} 32.exd6 Rd8 33.Rd1 {? A time-trouble blunder, letting go 
of his trump card on f6. after 33 Qe5! any result would have been 
possible, especially in view of the nervous state we were both in.} 33...
Qxf6 34.d7 Qe7 35.Bb2 {White's last hope is the long diagonal, 
conveniently opened by the loss of his e- and f-pawns.} 35...Rxd7 36.Rxd7 
Qxd7 37.Qe5 Qd1+ 38.Kxh2 Qh5+ {In a way it was sheer luck that this 
resource was available.} 39.Qxh5 gxh5 40.Kg3 Kh7 41.Kf3 Kg6 42.Ke4 Kg5 {
Adjourned, but White resigned without resuming. A scraggy and 
unsatisfactory encounter from a purist's or a theoretician's standpoint, 
but a typical case of practical, hard-fighting tournament chess.} 0-1

[Event "Alexander Memorial"]
[Site "Middlesbrough ENG"]
[Date "1975.09.09"]
[Round "8"]
[White "Smyslov, Vassily"]
[Black "Stean, Michael Francis"]
[Result "1/2-1/2"]
[WhiteElo "2605"]
[BlackElo "2370"]
[EventDate "1975.09.01"]
[PlyCount "47"]

1.Nf3 g6 2.d4 Nf6 3.g3 Bg7 4.Bg2 d5 5.c4 dxc4 6.Qa4+ Nfd7 7.Qxc4 Nb6 8.Qc2
Nc6 9.O-O O-O 10.Rd1 Bf5 11.Qb3 a5 12.Na3 a4 13.Qc3 e5 14.Bg5 exd4 15.Qd2 
Qd7 16.Bh6 Rfd8 17.Bxg7 Kxg7 18.Nb5 d3 19.exd3 Qxd3 20.Nxc7 Qxd2 21.Rxd2 
Rxd2 22.Nxd2 Rd8 23.Nf1 Nc4 24.b3 1/2-1/2

[Event "Alexander Memorial"]
[Site "Middlesbrough ENG"]
[Date "1975.09.09"]
[Round "8"]
[White "Huebner, Robert"]
[Black "Hort, Vlastimil"]
[Result "1/2-1/2"]
[WhiteElo "2615"]
[BlackElo "2600"]
[EventDate "1975.09.01"]
[PlyCount "24"]

1.d4 Nf6 2.c4 e6 3.Nf3 b6 4.g3 Bb7 5.Bg2 Be7 6.Nc3 Ne4 7.Qc2 Nxc3 8.Qxc3 
O-O 9.O-O f5 10.b3 Bf6 11.Bb2 d6 12.Ne1 Qc8 1/2-1/2

[Event "Alexander Memorial"]
[Site "Middlesbrough ENG"]
[Date "1975.09.09"]
[Round "8"]
[White "Gheorghiu, Florin"]
[Black "Sax, Gyula"]
[Result "0-1"]
[WhiteElo "2540"]
[BlackElo "2510"]
[EventDate "1975.09.01"]
[PlyCount "64"]

1.c4 Nf6 2.Nc3 g6 3.e4 d6 4.d4 Bg7 5.f3 O-O 6.Be3 a6 7.Qd2 b6 8.O-O-O c5 
9.dxc5 bxc5 10.e5 Ne8 11.Bh6 Bxe5 12.Bxf8 Kxf8 13.Bd3 Nc6 14.Nge2 Rb8 15.
h4 Qa5 16.h5 Nd4 17.hxg6 hxg6 18.Rh7 Nf6 19.Qh6+ Ke8 20.Nxd4 Bxd4 21.Rxf7 
Kxf7 22.Bxg6+ Ke6 23.Qh3+ Ng4 24.Qxg4+ Kf6 25.Nd5+ Kg7 26.Bf5+ Kf8 27.Rxd4
cxd4 28.Bxc8 Qe1+ 29.Kc2 Qe2+ 30.Kc1 Qxb2+ 31.Kd1 Qb1+ 32.Ke2 Rb2# 0-1

[Event "Alexander Memorial"]
[Site "Middlesbrough ENG"]
[Date "1975.09.10"]
[Round "9"]
[White "Stean, Michael Francis"]
[Black "Miles, Anthony John"]
[Result "1/2-1/2"]
[WhiteElo "2370"]
[BlackElo "2435"]
[EventDate "1975.09.01"]
[PlyCount "57"]

1.e4 c5 2.Nf3 Nc6 3.d4 cxd4 4.Nxd4 g6 5.c4 Nf6 6.Nc3 Nxd4 7.Qxd4 d6 8.Be2 
Bg7 9.Be3 O-O 10.Qd2 Qa5 11.Rc1 Be6 12.f3 Rfc8 13.b3 a6 14.Na4 Qxd2+ 15.
Kxd2 Nd7 16.Rhd1 Rab8 17.Nc3 Kf8 18.Nd5 Nf6 19.Nf4 Bd7 20.g4 Be8 21.g5 Nd7
22.Nd5 e6 23.Nb4 Nc5 24.Bf4 Rd8 25.Kc2 Ke7 26.Rd2 a5 27.Nd3 Rbc8 28.Nxc5 
dxc5 29.Rxd8 1/2-1/2

[Event "Alexander Memorial"]
[Site "Middlesbrough ENG"]
[Date "1975.09.10"]
[Round "9"]
[White "Keene, Raymond Dennis"]
[Black "Huebner, Robert"]
[Result "1/2-1/2"]
[WhiteElo "2505"]
[BlackElo "2615"]
[EventDate "1975.09.01"]
[PlyCount "50"]

1.Nf3 g6 2.c4 Bg7 3.d4 Nf6 4.g3 O-O 5.Bg2 d5 6.cxd5 Nxd5 7.O-O Nb6 8.Nc3 
Nc6 9.e3 a5 10.d5 Nb4 11.e4 e6 12.a3 Na6 13.Bg5 Qe8 14.Qd2 Nc5 15.Rad1 a4 
16.Nd4 Bd7 17.dxe6 Nxe6 18.Nxe6 Bxe6 19.Nd5 Bxd5 20.exd5 Qb5 21.Rc1 Rac8 
22.Rc2 Nc4 23.Qd3 Nd6 24.Qxb5 Nxb5 25.Be3 Ra8 1/2-1/2

[Event "Alexander Memorial"]
[Site "Middlesbrough ENG"]
[Date "1975.09.10"]
[Round "9"]
[White "Kavalek, Lubomir"]
[Black "Smyslov, Vassily"]
[Result "1/2-1/2"]
[WhiteElo "2555"]
[BlackElo "2605"]
[EventDate "1975.09.01"]
[PlyCount "26"]

1.e4 e5 2.Nf3 Nc6 3.Bb5 Nf6 4.O-O Nxe4 5.Re1 Nd6 6.Nxe5 Be7 7.Bf1 Nxe5 8.
Rxe5 O-O 9.d4 Bf6 10.Re1 Nf5 11.c3 d5 12.Bf4 c6 13.Nd2 Nh4 1/2-1/2

[Event "Alexander Memorial"]
[Site "Middlesbrough ENG"]
[Date "1975.09.10"]
[Round "9"]
[White "Olafsson, Fridrik"]
[Black "Lombardy, William James"]
[Result "1/2-1/2"]
[WhiteElo "2535"]
[BlackElo "2515"]
[EventDate "1975.09.01"]
[PlyCount "34"]

1.d4 d5 2.c4 dxc4 3.Nf3 a6 4.e3 Bg4 5.Bxc4 e6 6.h3 Bh5 7.O-O Nf6 8.a3 Nc6 
9.b4 Bd6 10.Bb2 O-O 11.Nbd2 Qe8 12.Be2 e5 13.dxe5 Nxe5 14.Nxe5 Bxe2 15.
Qxe2 Bxe5 16.Nf3 Bxb2 17.Qxb2 Rd8 1/2-1/2

[Event "Alexander Memorial"]
[Site "Middlesbrough ENG"]
[Date "1975.09.10"]
[Round "9"]
[White "Bronstein, David"]
[Black "Gheorghiu, Florin"]
[Result "1/2-1/2"]
[WhiteElo "2590"]
[BlackElo "2540"]
[EventDate "1975.09.01"]
[PlyCount "28"]

1.d4 Nf6 2.c4 g6 3.Nc3 d5 4.cxd5 Nxd5 5.e4 Nxc3 6.bxc3 Bg7 7.Bc4 O-O 8.Ne2
c5 9.O-O cxd4 10.cxd4 Nc6 11.Be3 Bg4 12.f3 Na5 13.Rc1 Nxc4 14.Rxc4 Bd7 
1/2-1/2

[Event "Alexander Memorial"]
[Site "Middlesbrough ENG"]
[Date "1975.09.12"]
[Round "10"]
[White "Hartston, William Roland"]
[Black "Keene, Raymond Dennis"]
[Result "1/2-1/2"]
[WhiteElo "2475"]
[BlackElo "2505"]
[EventDate "1975.09.01"]
[PlyCount "31"]

1.e4 e6 2.d4 d5 3.Nc3 Bb4 4.e5 Qd7 5.a3 Bxc3+ 6.bxc3 b6 7.a4 Ba6 8.Bxa6 
Nxa6 9.Qg4 f5 10.Qh5+ g6 11.Qe2 Nb8 12.h4 h6 13.Nh3 Nc6 14.Nf4 Nge7 15.Ba3
Rg8 16.g4 1/2-1/2

[Event "Alexander Memorial"]
[Site "Middlesbrough ENG"]
[Date "1975.09.12"]
[Round "10"]
[White "Gheorghiu, Florin"]
[Black "Geller, Efim"]
[Result "1/2-1/2"]
[WhiteElo "2540"]
[BlackElo "2600"]
[EventDate "1975.09.01"]
[PlyCount "28"]

1.d4 d5 2.c4 e6 3.Nc3 Be7 4.Nf3 Nf6 5.Bg5 h6 6.Bh4 O-O 7.Rc1 b6 8.cxd5 
Nxd5 9.Bxe7 Qxe7 10.e3 Bb7 11.Bd3 Rc8 12.O-O c5 13.Nxd5 exd5 14.b3 Nd7 
1/2-1/2

[Event "Alexander Memorial"]
[Site "Middlesbrough ENG"]
[Date "1975.09.12"]
[Round "10"]
[White "Smyslov, Vassily"]
[Black "Hort, Vlastimil"]
[Result "1/2-1/2"]
[WhiteElo "2605"]
[BlackElo "2600"]
[EventDate "1975.09.01"]
[PlyCount "90"]

1.e4 c5 2.Nf3 e6 3.d4 cxd4 4.Nxd4 a6 5.Bd3 Nf6 6.O-O d6 7.c4 b6 8.Nc3 Bb7 
9.f4 Nbd7 10.f5 e5 11.Nc2 Be7 12.Qe2 Nc5 13.Bd2 O-O 14.Rad1 Rc8 15.Nb4 
Nxd3 16.Qxd3 Qc7 17.Ncd5 Nxd5 18.cxd5 Qc4 19.Qxc4 Rxc4 20.Rc1 Rxc1 21.Rxc1
Rc8 22.Rxc8+ Bxc8 23.Be3 b5 24.g4 Kf8 25.Kg2 Ke8 26.Kg3 Kd7 27.h4 Bb7 28.
a3 Bd8 29.Na2 Bc8 30.Nc3 Ke8 31.h5 h6 32.Na2 a5 33.Bd2 f6 34.Kf3 Ba6 35.
Nc1 Kd7 36.Nb3 a4 37.Nc1 Bb6 38.Nd3 Bb7 39.Be3 Ba5 40.Ke2 Ke8 41.Kd1 Bc8 
42.Bd2 Bxd2 43.Kxd2 Kd8 44.Kc3 Kc7 45.Kb4 Kb6 1/2-1/2

[Event "Alexander Memorial"]
[Site "Middlesbrough ENG"]
[Date "1975.09.13"]
[Round "11"]
[White "Keene, Raymond Dennis"]
[Black "Smyslov, Vassily"]
[Result "0-1"]
[WhiteElo "2505"]
[BlackElo "2605"]
[EventDate "1975.09.01"]
[PlyCount "106"]

1.Nf3 Nf6 2.c4 g6 3.g3 Bg7 4.Bg2 O-O 5.d4 d5 6.cxd5 Nxd5 7.O-O Nb6 8.Nc3 
Nc6 9.e3 a5 10.d5 Nb4 11.e4 c6 12.a3 Na6 13.dxc6 bxc6 14.Qc2 Bg4 15.h3 Bd7
16.Rd1 Qc8 17.Kh2 c5 18.Be3 Rb8 19.Bf1 Bc6 20.Bf4 Nc7 21.Rab1 Ra8 22.Be3 
Ne6 23.Nd5 Qb7 24.Nxb6 Bxe4 25.Rd7 Bxc2 26.Rxb7 Bxb1 27.Nxa8 Be4 28.Rxe7 
Bf6 29.Ra7 Rxa8 30.Rxa8+ Bxa8 31.Nd2 Bxb2 32.Nc4 Bc3 33.Bg2 Bxg2 34.Kxg2 
f5 35.Bd2 Bxd2 36.Nxd2 Nd4 37.Nc4 Nc6 38.Kf3 Kf7 39.Ke3 Ke6 40.Kd2 Kd5 41.
Kc3 g5 42.a4 f4 43.gxf4 gxf4 44.Nd2 Ne5 45.Nb3 Nc4 46.Kd3 Nb2+ 47.Ke2 Nxa4
48.Kf3 Nb2 49.Nxa5 Nd3 50.Nb3 c4 51.Nd2 c3 52.Nb1 c2 53.Nc3+ Ke5 0-1

[Event "Alexander Memorial"]
[Site "Middlesbrough ENG"]
[Date "1975.09.13"]
[Round "11"]
[White "Kavalek, Lubomir"]
[Black "Timman, Jan"]
[Result "1/2-1/2"]
[WhiteElo "2555"]
[BlackElo "2510"]
[EventDate "1975.09.01"]
[PlyCount "84"]

1.e4 e6 2.d3 c5 3.Nf3 Nc6 4.g3 g6 5.Bg2 Bg7 6.O-O Nge7 7.c3 e5 8.a3 O-O 9.
b4 d6 10.Be3 b6 11.Qd2 Ba6 12.Rd1 Qc7 13.Bh6 Rad8 14.Bxg7 Kxg7 15.d4 d5 
16.exd5 Nxd5 17.Qb2 cxd4 18.cxd4 Nxd4 19.Nxd4 exd4 20.Rxd4 Qe5 21.Nd2 Nf4 
22.Nf3 Ne2+ 23.Kh1 Qf6 24.Rd2 Rxd2 25.Qxf6+ Kxf6 26.Nxd2 Rd8 27.Ne4+ Kg7 
28.Bf1 Bd3 29.Ng5 h6 30.Nf3 Be4 31.Bxe2 Rd2 32.Bf1 Bxf3+ 33.Kg1 g5 34.Bg2 
g4 35.Bxf3 gxf3 36.h3 Kf6 37.a4 Rd4 38.Ra3 Rxb4 39.Rxf3+ Ke6 40.Ra3 a5 41.
g4 Kd5 42.Kg2 Ke5 1/2-1/2

[Event "Alexander Memorial"]
[Site "Middlesbrough ENG"]
[Date "1975.09.13"]
[Round "11"]
[White "Hort, Vlastimil"]
[Black "Miles, Anthony John"]
[Result "1/2-1/2"]
[WhiteElo "2600"]
[BlackElo "2435"]
[EventDate "1975.09.01"]
[PlyCount "50"]

1.d4 Nf6 2.c4 g6 3.Nc3 d5 4.cxd5 Nxd5 5.e4 Nxc3 6.bxc3 Bg7 7.Bc4 O-O 8.Ne2
b6 9.h4 Nc6 10.h5 Na5 11.Bd3 c5 12.Be3 cxd4 13.cxd4 Nc6 14.hxg6 hxg6 15.
Qd2 Qd6 16.Rc1 Bb7 17.Bh6 Nxd4 18.Bxg7 Kxg7 19.Qh6+ Kf6 20.Qh4+ Kg7 21.
Qh6+ Kf6 22.f4 Qb4+ 23.Kf2 Nxe2 24.Qg5+ Kg7 25.Qh6+ Kf6 1/2-1/2

[Event "Alexander Memorial"]
[Site "Middlesbrough ENG"]
[Date "1975.09.13"]
[Round "11"]
[White "Stean, Michael Francis"]
[Black "Gheorghiu, Florin"]
[Result "1/2-1/2"]
[WhiteElo "2370"]
[BlackElo "2540"]
[EventDate "1975.09.01"]
[PlyCount "22"]

1.e4 c5 2.Nf3 e6 3.d4 cxd4 4.Nxd4 a6 5.Be2 Nf6 6.Nc3 Bb4 7.O-O Bxc3 8.bxc3
Nxe4 9.Qd3 d5 10.Ba3 e5 11.Nb3 Qc7 1/2-1/2

[Event "Alexander Memorial"]
[Site "Middlesbrough ENG"]
[Date "1975.09.14"]
[Round "12"]
[White "Bronstein, David"]
[Black "Geller, Efim"]
[Result "1/2-1/2"]
[WhiteElo "2590"]
[BlackElo "2600"]
[EventDate "1975.09.01"]
[PlyCount "114"]

1.e4 e5 2.Nf3 Nc6 3.Bb5 a6 4.Ba4 Nf6 5.O-O Be7 6.Re1 b5 7.Bb3 O-O 8.d4 d6 
9.c3 Bg4 10.d5 Na5 11.Bc2 c6 12.h3 Bxf3 13.Qxf3 cxd5 14.exd5 Nc4 15.a4 Nb6
16.Rd1 Qc7 17.axb5 axb5 18.Na3 b4 19.cxb4 Rxa3 20.Bxh7+ Kxh7 21.bxa3 Qc4 
22.Bg5 e4 23.Qf5+ Kg8 24.Rac1 Qb3 25.Bxf6 Bxf6 26.Qxe4 Qxa3 27.Rc6 Na4 28.
Rf1 Rb8 29.Qg4 g6 30.Rxd6 Be5 31.Rc6 Rxb4 32.Qc8+ Kg7 33.Re1 Rf4 34.Rc2 
Nb6 35.Qc6 Rf6 36.Qe8 Bd4 37.Qe4 Bc5 38.Rd1 Nd7 39.Qc4 Qa7 40.Rdd2 Qa1+ 
41.Rc1 Qe5 42.Re2 Qd6 43.Rd1 Rf4 44.Qb5 Rb4 45.Qc6 Rb6 46.Qxd6 Rxd6 47.Rc2
Kf6 48.h4 Ra6 49.Re2 Ne5 50.Rc2 Nd7 51.Re2 Ne5 52.Kf1 Kf5 53.Rc2 Nd7 54.
Re1 Ra4 55.g3 Rd4 56.Rc3 Kf6 57.Rf3+ Kg7 1/2-1/2

[Event "Alexander Memorial"]
[Site "Middlesbrough ENG"]
[Date "1975.09.14"]
[Round "12"]
[White "Timman, Jan"]
[Black "Hort, Vlastimil"]
[Result "1/2-1/2"]
[WhiteElo "2510"]
[BlackElo "2600"]
[EventDate "1975.09.01"]
[PlyCount "44"]

1.d4 Nf6 2.c4 e6 3.Nc3 Bb4 4.Bg5 h6 5.Bh4 c5 6.d5 d6 7.e3 Bxc3+ 8.bxc3 g5 
9.Bg3 e5 10.f3 Bf5 11.h4 Kd7 12.Bf2 Kc7 13.e4 Bc8 14.g4 Nbd7 15.Qd2 Nh7 
16.Be3 gxh4 17.Bxh6 Ndf8 18.Bg7 Rg8 19.Qh6 Bd7 20.Kf2 Qe7 21.Bxf8 Raxf8 
22.Qxh4 Ng5 1/2-1/2

[Event "Alexander Memorial"]
[Site "Middlesbrough ENG"]
[Date "1975.09.14"]
[Round "12"]
[White "Miles, Anthony John"]
[Black "Keene, Raymond Dennis"]
[Result "1/2-1/2"]
[WhiteElo "2435"]
[BlackElo "2505"]
[EventDate "1975.09.01"]
[PlyCount "65"]

1.c4 Nf6 2.g3 e6 3.Bg2 d5 4.Nf3 Be7 5.b3 O-O 6.Bb2 b6 7.O-O Bb7 8.d3 c5 9.
e3 Nc6 10.Nc3 dxc4 11.bxc4 Rc8 12.Qe2 Qc7 13.Rfd1 Rfd8 14.a4 Qb8 15.Ne1 
Rd7 16.f4 Rcd8 17.g4 Nb4 18.g5 Ne8 19.Bh3 a6 20.Na2 Nxa2 21.Rxa2 Nd6 22.
Be5 Bc6 23.Rb1 Rb7 24.Qb2 Bf8 25.Bg2 Bxg2 26.Kxg2 b5 27.axb5 axb5 28.h4 b4
29.h5 Ra7 30.Rxa7 Qxa7 31.h6 Nf5 32.Ra1 Qd7 33.Kf2 1/2-1/2

[Event "Alexander Memorial"]
[Site "Middlesbrough ENG"]
[Date "1975.09.14"]
[Round "12"]
[White "Gheorghiu, Florin"]
[Black "Kavalek, Lubomir"]
[Result "1/2-1/2"]
[WhiteElo "2540"]
[BlackElo "2555"]
[EventDate "1975.09.01"]
[PlyCount "41"]

1.e4 e5 2.Nf3 Nc6 3.Bb5 a6 4.Ba4 Nf6 5.O-O Be7 6.Re1 b5 7.Bb3 d6 8.c3 O-O 
9.h3 Na5 10.Bc2 c5 11.d4 cxd4 12.cxd4 Bb7 13.d5 Bc8 14.Nbd2 Bd7 15.Nf1 Qb8
16.Ng3 Rc8 17.b3 Nb7 18.Be3 Nc5 19.Nd2 Qc7 20.Rc1 Qd8 21.f4 1/2-1/2

[Event "Alexander Memorial"]
[Site "Middlesbrough ENG"]
[Date "1975.09.14"]
[Round "12"]
[White "Sax, Gyula"]
[Black "Stean, Michael Francis"]
[Result "0-1"]
[WhiteElo "2510"]
[BlackElo "2370"]
[EventDate "1975.09.01"]
[PlyCount "82"]

1.e4 c5 2.Nf3 d6 3.Nc3 Nf6 4.d4 cxd4 5.Nxd4 a6 6.f4 Qc7 7.Bd3 g6 8.O-O Bg7
9.Nf3 Nbd7 10.Qe1 b5 11.a4 b4 12.Nd1 Rb8 13.Qh4 Nc5 14.e5 Ng4 15.Ne3 h5 
16.Bc4 Ne4 17.Bd3 Nc5 18.Kh1 dxe5 19.fxe5 Be6 20.Ng5 Nxe5 21.Nxe6 Nxe6 22.
Bxa6 O-O 23.Be2 Rfd8 24.a5 Nd4 25.Qf2 Nxe2 26.Qxe2 Ra8 27.a6 Qb6 28.Ra4 e6
29.b3 Nc6 30.Bd2 Rd7 31.h3 Rda7 32.Nc4 Qb5 33.Qf2 Rd7 34.Qb6 Qd5 35.Bxb4 
Bd4 36.Rd1 Qe4 37.Qb5 Rb8 38.Qg5 Rxb4 39.Rxb4 Nxb4 40.Qd2 Nxa6 41.c3 Nc5 
0-1